Dlhová brzda ako nástroj prevencie štátneho bankrotu bakalárska práca
Guardado en:
| Autor principal: | |
|---|---|
| Autor Corporativo: | |
| Otros Autores: | |
| Formato: | Libro |
| Lenguaje: | eslovaco |
| Publicado: |
Bratislava
2022
|
| Etiquetas: |
Sin Etiquetas, Sea el primero en etiquetar este registro!
|
MARC
| LEADER | 00000nbm a2200000 4500 | ||
|---|---|---|---|
| 001 | 0285000 | ||
| 005 | 20221021085554.6 | ||
| 041 | 0 | |a slo | |
| 044 | |a SK | ||
| 245 | 1 | 0 | |a Dlhová brzda ako nástroj prevencie štátneho bankrotu |b bakalárska práca |c Barbora Tomášová ; školiteľ: František Hocman |
| 264 | 1 | |a Bratislava |c 2022 | |
| 300 | |a 39 s. | ||
| 100 | 1 | |a Tomášová, Barbora | |
| 700 | 1 | |a Hocman, František, 1983- | |
| 710 | 2 | |a Národohospodárska fakulta EU. Katedra financií | |